01898nam a2200169 a 4500020002700000020003000027082001500057100002300072245009200095250001200187260004900199300001300248520135300261650002401614700002001638856007001658 a0521599113 (paperback) a9780521599115 (paperback) a530.41 SIL1 aSilsbee, Robert H.10aSimulations for solid state physics : an interactive resource for students and teachers a1st ed. a[S.l.] :bCambridge University Press,c1997. a368 p. ; aThis new and exciting interactive resource package centers around fourteen high quality computer simulations covering essential topics in solid state physics. The computer simulations provided on CDSHROM cover x-ray diffraction, phonons, electron states and dynamics, semiconductors, magnetism, and dislocations. Users can vary different characteristics and immediately see the results in animations and graphical displays. The companion book is essential for effective use of the simulations. It guides the user through hundreds of exercises and examples, illustrates fundamental physical principles, and contains notes on the relevant physics. The hardcover edition includes the simulations on CDSHROM (Unix, Windows, Powermac formats) and a license for use on a local area network on a single geographical site. The low priced paperback (without CDSHROM) is intended for students who have access to the simulations on a local area network. These simulations provide an interactive resource for those studying solid state physics at advanced undergraduate or graduate level. They will also be of interest to researchers in physics, materials science, electrical engineering, chemistry and chemical engineering. Selected material from the simulations may be explored at the Web site http://www.ruph.cornell.edu/sss/sss.html after February 1, 1997. aphysics,solid state1 aDraeger, Joerg.40uhttp://www.amazon.com/exec/obidos/ASIN/0521599113/chopaconline-20